[Event "Pan American-ch U16"]
[Site "Santiago de Chile"]
[Date "2018.07.23"]
[Round "3"]
[White "Ccerhuayo Escobedo, Mels Leopold"]
[Black "Pariona Larrota, Andre Sebastian"]
[Result "1/2-1/2"]
[WhiteElo "2004"]
[BlackElo "1820"]
[PlyCount "64"]
[EventDate "2018.07.22"]
[EventType "swiss"]
[EventRounds "9"]
[EventCountry "CHI"]
[SourceTitle "EXT 2022"]
[Source "ChessBase"]
[SourceDate "2021.10.06"]
[SourceVersion "1"]
[SourceVersionDate "2021.10.06"]
[SourceQuality "1"]

1. d4 Nf6 2. c4 c5 3. d5 b5 4. cxb5 a6 5. bxa6 g6 6. Nc3 Bxa6 7. g3 d6 8. Bg2 Nbd7 9. Nf3 Bg7 10. Rb1 Nb6 11. b3 Bb7 12. Nh4 0-0 13. 0-0 Ba6 14. a4 Bb7 15. Re1 Qd7 16. e4 Ng4 17. Nb5 c4 18. bxc4 Nxa4 19. Bh3 h5 20. f3 Ba6 21. Qxa4 Bxb5 22. Qxb5 Qa7+ 23. c5 Rfb8 24. Qxb8+ Rxb8 25. Rxb8+ Qxb8 26. fxg4 hxg4 27. Bxg4 Be5 28. Kh1 dxc5 29. Bf4 Qb4 30. Nf3 Bc3 31. Rc1 Bb2 32. Re1 Bc3 1/2-1/2

[Event "Lima-ch U14"]
[Site "Lima"]
[Date "2017.01.20"]
[Round "2.2"]
[White "Pariona Larrota, Andre Sebastian"]
[Black "Cancino Montes, Fabrizio Omar"]
[Result "1-0"]
[WhiteElo "1821"]
[BlackElo "1494"]
[PlyCount "81"]
[EventDate "2017.01.19"]
[EventType "swiss"]
[EventRounds "7"]
[EventCountry "PER"]
[SourceTitle "EXT 2024"]
[Source "ChessBase"]
[SourceDate "2023.10.10"]
[SourceVersion "1"]
[SourceVersionDate "2023.10.10"]
[SourceQuality "1"]

1. e4 e5 2. Nf3 Nc6 3. Bc4 Nf6 4. d3 Be7 5. 0-0 0-0 6. c3 d6 7. Nbd2 Be6 8. Bb5 a6 9. Ba4 b5 10. Bc2 d5 11. Qe2 Re8 12. Rd1 Na5 13. Nxe5 Bd6 14. d4 Bxe5 15. dxe5 Nd7 16. exd5 Bxd5 17. Qd3 Nxe5 18. Qxh7+ Kf8 19. Qh8+ Ke7 20. Qxg7 Kd7 21. Ne4 Kc6 22. Nf6 Re6 23. Nxd5 Qe8 24. Be4 Rd8 25. Nf6+ Kb6 26. Be3+ c5 27. Nxe8 Rdxe8 28. b4 Nb7 29. bxc5+ Kc7 30. Bf4 Kc8 31. Bxb7+ Kxb7 32. Bxe5 Rxe5 33. Qxf7+ Kb8 34. c6 R5e7 35. Qf4+ Kc8 36. Qd4 Kb8 37. Qb6+ Kc8 38. Qxa6+ Kb8 39. Rab1 b4 40. Rxb4+ Kc7 41. Qb7# 1-0

[Event "South America-ch U14 13th"]
[Site "Santiago de Chile"]
[Date "2016.12.01"]
[Round "1"]
[White "Jaime Silva, Bastian"]
[Black "Pariona Larrota, Andre Sebastian"]
[Result "0-1"]
[WhiteElo "1336"]
[BlackElo "1745"]
[PlyCount "36"]
[EventDate "2016.12.01"]
[EventType "swiss"]
[EventRounds "9"]
[EventCountry "CHI"]
[SourceTitle "EXT 2018"]
[Source "ChessBase"]
[SourceDate "2017.10.13"]
[SourceVersion "1"]
[SourceVersionDate "2017.10.13"]
[SourceQuality "1"]

1. e4 c5 2. d4 cxd4 3. c3 d3 4. Bxd3 g6 5. Nf3 Nc6 6. Bf4 Bg7 7. Bc4 d6 8. Ng5 Nh6 9. Qd5 0-0 10. 0-0 e5 11. Be3 Ne7 12. Qd3 Ng4 13. Nd2 h6 14. Ngf3 a6 15. a4 b6 16. Rfe1 Bb7 17. Bd5 Nxd5 18. exd5 f5 0-1

[Event "PER-ch U14"]
[Site "Lima"]
[Date "2016.02.07"]
[Round "9.4"]
[White "Landa Medrano, Gabriel Aaron"]
[Black "Pariona Larrota, Andre Sebastian"]
[Result "1/2-1/2"]
[WhiteElo "1883"]
[BlackElo "1707"]
[PlyCount "32"]
[EventDate "2016.02.02"]
[EventType "swiss"]
[EventRounds "9"]
[EventCountry "PER"]
[SourceTitle "EXT 2024"]
[Source "ChessBase"]
[SourceDate "2023.10.10"]
[SourceVersion "1"]
[SourceVersionDate "2023.10.10"]
[SourceQuality "1"]

1. d4 Nf6 2. Bg5 e6 3. e4 d5 4. e5 h6 5. Bf4 Nfd7 6. c3 c5 7. a3 Nc6 8. Be3 c4 9. f4 g6 10. Nf3 Qb6 11. Qc2 Ne7 12. Bf2 a6 13. Nbd2 Qc7 14. Be2 Bg7 15. 0-0 0-0 16. Rfc1 b5 1/2-1/2

[Event "PER-ch School U12"]
[Site "Lima"]
[Date "2015.11.12"]
[Round "3.1"]
[White "Pariona Larrota, Andre Sebastian"]
[Black "Rojas, Steven"]
[Result "0-1"]
[WhiteElo "1710"]
[BlackElo "1792"]
[PlyCount "138"]
[EventDate "2015.11.10"]
[EventType "swiss"]
[EventRounds "5"]
[EventCountry "PER"]
[SourceTitle "EXT 2024"]
[Source "ChessBase"]
[SourceDate "2023.10.10"]
[SourceVersion "1"]
[SourceVersionDate "2023.10.10"]
[SourceQuality "1"]

1. e4 c5 2. Nf3 d6 3. d4 cxd4 4. Nxd4 Nf6 5. Nc3 a6 6. Rg1 e6 7. g4 b5 8. g5 Nfd7 9. Be3 Bb7 10. h4 b4 11. Nce2 Nc5 12. Ng3 Nxe4 13. Bg2 Nc5 14. Bxb7 Nxb7 15. Qf3 d5 16. h5 g6 17. Rh1 Rg8 18. hxg6 hxg6 19. Rh7 Bg7 20. Qh1 Kd7 21. 0-0-0 Nc6 22. Nxc6 Kxc6 23. Qf3 Nd6 24. Rh4 Qa5 25. Kb1 Rh8 26. Rxh8 Rxh8 27. Bd4 Bxd4 28. Rxd4 Nf5 29. Nxf5 gxf5 30. Rd1 Kd7 31. Qe3 Rc8 32. Qd4 Qc5 33. Qd2 a5 34. f4 a4 35. b3 a3 36. Qd3 Qc3 37. Qxc3 Rxc3 38. Rd3 Rxd3 39. cxd3 d4 40. Kc1 e5 41. Kd1 e4 42. Ke2 e3 43. Kf3 Ke7 44. Ke2 f6 45. g6 Kf8 46. Kf3 Kg7 47. Ke2 Kxg6 48. Kf3 Kh5 49. Kg3 e2 50. Kf2 Kg4 51. Kxe2 Kg3 52. Ke1 Kf3 53. Kd2 Kf2 54. Kc1 Ke3 55. Kc2 Ke2 56. Kc1 Kxd3 57. Kd1 Kc3 58. Kc1 d3 59. Kd1 d2 60. Ke2 Kc2 61. Ke3 d1Q 62. Kf2 Qd3 63. Ke1 Kc3 64. Kf2 Kd4 65. Kg2 Qe3 66. Kf1 Qd2 67. Kg1 Ke3 68. Kh1 Kf3 69. Kg1 Qg2# 0-1

[Event "Pan American-ch U12"]
[Site "Cali"]
[Date "2015.06.29"]
[Round "2"]
[White "Shen, Christopher Y"]
[Black "Pariona Larrota, Andre Sebastian"]
[Result "0-1"]
[WhiteElo "2080"]
[BlackElo "1603"]
[PlyCount "168"]
[EventDate "2015.06.28"]
[EventType "swiss"]
[EventRounds "9"]
[EventCountry "COL"]
[SourceTitle "EXT 2016"]
[Source "ChessBase"]
[SourceDate "2015.10.08"]
[SourceVersion "1"]
[SourceVersionDate "2015.10.08"]
[SourceQuality "1"]

1. c4 c5 2. g3 Nc6 3. Bg2 g6 4. Nc3 Bg7 5. e3 d6 6. Nge2 Nf6 7. 0-0 0-0 8. d4 cxd4 9. Nxd4 Bd7 10. b3 Rc8 11. Bb2 a6 12. Nd5 Nxd5 13. cxd5 Ne5 14. h3 Bb5 15. Nxb5 axb5 16. Qe2 Qa5 17. e4 Qb6 18. Kh2 Nd7 19. Bxg7 Kxg7 20. f4 b4 21. Rad1 Rc3 22. Rde1 Rfc8 23. e5 Rc2 24. Qg4 Nf8 25. Re2 Qd4 26. Qf3 Rxe2 27. Qxe2 Rc3 28. exd6 exd6 29. f5 Qe3 30. f6+ Kg8 31. Qxe3 Rxe3 32. Rf4 Nd7 33. Rxb4 Nxf6 34. Rxb7 Re2 35. Kg1 Rxa2 36. Rb6 Nh5 37. Rxd6 Nxg3 38. Rd8+ Kg7 39. Bf3 Kf6 40. Re8 Nf5 41. Bg4 Rd2 42. Bxf5 Kxf5 43. Rd8 h5 44. d6 Ke6 45. Re8+ Kf6 46. Rd8 Rd4 47. Kg2 Ke6 48. Rb8 Rxd6 49. b4 Kd5 50. Kg3 Kc6 51. Rf8 Rf6 52. Rb8 Kc7 53. Rb5 Rb6 54. Rc5+ Kd6 55. Rc4 Kd5 56. Rf4 f6 57. Kf3 g5 58. Re4 f5 59. Re8 Rxb4 60. Rh8 Rb3+ 61. Kg2 h4 62. Rf8 Ke4 63. Re8+ Kf4 64. Re2 g4 65. Rf2+ Rf3 66. Rb2 gxh3+ 67. Kh2 Kg4 68. Rb4+ f4 69. Rb8 Rf2+ 70. Kg1 Rg2+ 71. Kh1 Ra2 72. Rg8+ Kf3 73. Rh8 Rb2 74. Rh7 Kf2 75. Kh2 f3 76. Rf7 Kf1+ 77. Kh1 f2 78. Rf8 Ke1 79. Rf7 Rb3 80. Re7+ Kd2 81. Rd7+ Ke2 82. Re7+ Re3 83. Rxe3+ Kxe3 84. Kh2 Ke2 0-1

[Event "South America-ch U12 11th"]
[Site "Montevideo"]
[Date "2014.09.14"]
[Round "9"]
[White "Pariona Larrota, Andre Sebastian"]
[Black "Rueda Nessi, Francisco"]
[Result "1-0"]
[WhiteElo "1517"]
[BlackElo "1512"]
[PlyCount "45"]
[EventDate "2014.09.08"]
[EventType "swiss"]
[EventRounds "9"]
[EventCountry "URU"]
[SourceTitle "EXT 2016"]
[Source "ChessBase"]
[SourceDate "2015.10.08"]
[SourceVersion "1"]
[SourceVersionDate "2015.10.08"]
[SourceQuality "1"]

1. e4 e5 2. Nf3 Nc6 3. Bc4 Bc5 4. 0-0 d6 5. d3 Bg4 6. c3 Nf6 7. Nbd2 0-0 8. Re1 Bb6 9. Nf1 Re8 10. Ng3 d5 11. exd5 Nxd5 12. h3 Bxf3 13. Qxf3 Nf6 14. Bg5 Na5 15. Bb5 Re6 16. b4 Nc6 17. Bc4 Re8 18. Ne4 Kh8 19. Nxf6 h6 20. Nxe8 Qxe8 21. Be3 Qe7 22. Bxb6 axb6 23. Qxf7 1-0

[Event "South America-ch U12 11th"]
[Site "Montevideo"]
[Date "2014.09.10"]
[Round "4"]
[White "Bonvini, Alberto Tonhati"]
[Black "Pariona Larrota, Andre Sebastian"]
[Result "1/2-1/2"]
[WhiteElo "1678"]
[BlackElo "1517"]
[PlyCount "60"]
[EventDate "2014.09.08"]
[EventType "swiss"]
[EventRounds "9"]
[EventCountry "URU"]
[SourceTitle "EXT 2016"]
[Source "ChessBase"]
[SourceDate "2015.10.08"]
[SourceVersion "1"]
[SourceVersionDate "2015.10.08"]
[SourceQuality "1"]

1. e4 c5 2. Nc3 Nc6 3. g3 g6 4. Bg2 Bg7 5. f4 e6 6. d3 Nge7 7. Nf3 0-0 8. 0-0 d6 9. Be3 Rb8 10. Rb1 b5 11. a3 Nd4 12. g4 f5 13. gxf5 exf5 14. Ne2 Ne6 15. Qe1 Bb7 16. Ng5 Nxg5 17. fxg5 fxe4 18. dxe4 Rxf1+ 19. Qxf1 Qf8 20. Nf4 Be5 21. c3 Qf7 22. Bh3 Bc8 23. Bxc8 Rxc8 24. Qf2 Rf8 25. Rf1 Qc4 26. Qg2 d5 27. Nxd5 Rxf1+ 28. Qxf1 Bxh2+ 29. Kf2 Bg3+ 30. Kg1 Bh2+ 1/2-1/2

[Event "Pan American-ch U12"]
[Site "Oaxtepec"]
[Date "2014.07.15"]
[Round "8"]
[White "Pariona Larrota, Andre Sebastian"]
[Black "Landa Medrano, Gabriel Aaron"]
[Result "1/2-1/2"]
[WhiteElo "1446"]
[BlackElo "1733"]
[PlyCount "24"]
[EventDate "2014.07.11"]
[EventType "swiss"]
[EventRounds "9"]
[EventCountry "MEX"]
[SourceTitle "EXT 2022"]
[Source "ChessBase"]
[SourceDate "2021.10.06"]
[SourceVersion "1"]
[SourceVersionDate "2021.10.06"]
[SourceQuality "1"]

1. e4 c5 2. Nf3 d6 3. d4 cxd4 4. Nxd4 Nf6 5. Nc3 a6 6. Bc4 e6 7. Bb3 b5 8. Be3 Be7 9. Qe2 Qc7 10. 0-0-0 Nc6 11. Rhg1 Ne5 12. g4 Nc4 1/2-1/2

[Event "Pan American-ch U12"]
[Site "Oaxtepec"]
[Date "2014.07.14"]
[Round "6"]
[White "Pariona Larrota, Andre Sebastian"]
[Black "Quiroga Jaquez, Angel Ivan"]
[Result "0-1"]
[WhiteElo "1446"]
[BlackElo "1667"]
[PlyCount "64"]
[EventDate "2014.07.11"]
[EventType "swiss"]
[EventRounds "9"]
[EventCountry "MEX"]
[SourceTitle "EXT 2022"]
[Source "ChessBase"]
[SourceDate "2021.10.06"]
[SourceVersion "1"]
[SourceVersionDate "2021.10.06"]
[SourceQuality "1"]

1. e4 e5 2. Nf3 Nc6 3. Bc4 Bc5 4. 0-0 Nf6 5. Re1 0-0 6. c3 d6 7. h3 h6 8. d4 Bb6 9. Na3 Re8 10. Qd3 exd4 11. cxd4 d5 12. exd5 Rxe1+ 13. Nxe1 Nxd5 14. Nf3 Be6 15. Be3 Qf6 16. Rd1 Rd8 17. Qe4 g5 18. Qc2 Bxh3 19. Bxd5 Rxd5 20. Qe4 Qe6 21. Qd3 Bxg2 22. Nxg5 hxg5 23. Kxg2 Qg4+ 24. Kf1 Nxd4 25. Bc1 c6 26. Re1 Nf3 27. Re8+ Kg7 28. Qc3+ Bd4 29. Qc4 Qg1+ 30. Ke2 Qxf2+ 31. Kd3 Ne5+ 32. Ke4 f5# 0-1

[Event "Pan American-ch U10 24th"]
[Site "Pocos de Caldas"]
[Date "2013.07.30"]
[Round "8.9"]
[White "Pariona Larrota, Andre Sebastian"]
[Black "Rodriguez Mayorca, Joseph"]
[Result "0-1"]
[WhiteElo "1360"]
[BlackElo "1560"]
[PlyCount "82"]
[EventDate "2013.07.25"]
[EventType "swiss"]
[EventRounds "9"]
[EventCountry "BRA"]
[SourceTitle "EXT 2016"]
[Source "ChessBase"]
[SourceDate "2015.10.08"]
[SourceVersion "1"]
[SourceVersionDate "2015.10.08"]
[SourceQuality "1"]

1. e4 a6 2. d4 b5 3. c3 Bb7 4. Bd3 d6 5. Nf3 Nd7 6. Bf4 e6 7. Nbd2 Ne7 8. Qc2 Ng6 9. Be3 Be7 10. a3 c5 11. b3 Rc8 12. Qb2 Qc7 13. Rc1 e5 14. 0-0 0-0 15. Rfd1 Rfd8 16. h3 h6 17. Bb1 Qb8 18. d5 Nf6 19. Bd3 Kh7 20. c4 Ba8 21. Rb1 Rc7 22. Qc2 b4 23. axb4 cxb4 24. Ra1 Qb7 25. Ra4 Nd7 26. Rda1 Nb8 27. Nf1 Bf6 28. Qd2 Nd7 29. Rxb4 Qc8 30. Rba4 Bb7 31. Qb4 Nc5 32. Bxc5 dxc5 33. Qd2 Nf4 34. Bc2 Rd6 35. Ne3 g6 36. Ng4 Re7 37. Kh2 h5 38. Nxf6+ Rxf6 39. Qe3 Qd7 40. Qxc5 Nxh3 41. Qe3 Bc8 0-1